000 00644nam a2200241 a 4500
008
020 _a0201304252 (pbk.)
049 _aMAIN
090 _aQC355.2
100 1 _aHecht, Eugene.
245 1 0 _aOptics /
_cEugene Hecht.
250 _a3rd ed.
260 _aReading, Mass. :
_bAddison-Wesley,
_c1998.
300 _avi, 694 p. :
_bill. ;
_c24 cm.
504 _aIncludes bibliographical references.
500 _aIncludes index.
650 0 _aOptics.
907 _a.b10012643
_b15-12-05
_c17-04-03
003
005 20230123133555.0
040 _cNUST
942 _cBOOKS
_kQC355.2
999 _c150936
_d150936